| 000 -LEADER |
| fixed length control field |
00865cam a2200265 a 4500 |
| 020 ## - INTERNATIONAL STANDARD BOOK NUMBER |
| ISBN |
0538669004 (acidfree paper) |
| 040 ## - CATALOGING SOURCE |
| Transcribing agency |
DLC |
| 082 00 - DEWEY DECIMAL CLASSIFICATION NUMBER |
| Classification number |
500 THO 1997 A031 Or. |
| 100 1# - MAIN ENTRY--AUTHOR NAME |
| Personal name |
Sokolis, Gary E., |
| 245 10 - TITLE STATEMENT |
| Title |
Science probe I / |
| 246 3# - VARYING FORM OF TITLE |
| Title proper/short title |
Science probe 1 |
| 246 3# - VARYING FORM OF TITLE |
| Title proper/short title |
Science probe one |
| 260 ## - PUBLICATION, DISTRIBUTION, ETC. (IMPRINT) |
| Place of publication |
Cincinnati : |
| Name of publisher |
Thomson Science, |
| Year of publication |
c1997. |
| 300 ## - PHYSICAL DESCRIPTION |
| Number of Pages |
xv, 553 p. : |
| Other physical details |
ill. (some col.), col. maps ; |
| Dimensions |
26 cm. |
| 500 ## - GENERAL NOTE |
| General note |
At head of title: South-Western. |
| 500 ## - GENERAL NOTE |
| General note |
"This product is adapted from Nelson Canada's Science probe 9." |
| 500 ## - GENERAL NOTE |
| General note |
Includes index. |
| 520 ## - SUMMARY, ETC. |
| Summary, etc |
A collection of experiments concentrating on earth, space, physics, chemistry, and life science. |
| 650 #0 - SUBJECT ADDED ENTRY--TOPICAL TERM |
| Topical Term |
Science |
| 650 #1 - SUBJECT ADDED ENTRY--TOPICAL TERM |
| Topical Term |
Science |
| 650 #1 - SUBJECT ADDED ENTRY--TOPICAL TERM |
| Topical Term |
Experiments. |
| 700 1# - ADDED ENTRY--PERSONAL NAME |
| Personal name |
Thee, Susan S. |
| 710 2# - ADDED ENTRY--CORPORATE NAME |
| Corporate name or jurisdiction name as entry element |
South-western Publishing Company. |
| 942 ## - ADDED ENTRY ELEMENTS (KOHA) |
| Koha item type |
សៀវភៅភាសាអង់គ្លេស |
| 952 ## - LOCATION AND ITEM INFORMATION (KOHA) |
| Withdrawn status [LOCAL, KOHA] |
0 |